L'uomo delinquente (Record no. 157953)

MARC details
000 -LEADER
campo de control de longitud fija 00893nam a2200205 i 4500
001 - NÚMERO DE CONTROL
campo de control 157953
003 - IDENTIFICADOR DE NÚMERO DE CONTROL
campo de control ES-MaACL
005 - FECHA Y HORA DE LA ÚLTIMA TRANSACCIÓN
campo de control 20251218175518.0
008 - DATOS DE LONGITUD FIJA--INFORMACIÓN GENERAL
campo de control de longitud fija 991111s1878 it f |||| | ita d
100 1# - ENTRADA PRINCIPAL--NOMBRE DE PERSONA
Nombre de persona Lombroso, Cesare,
Fechas asociadas al nombre 1835-1909
9 (RLIN) 242173
245 12 - MENCIÓN DEL TÍTULO
Título L'uomo delinquente
Resto del título : in rapporto all'antropologia, giurisprudenza e alle discipline carcerarie /
Mención de responsabilidad, etc. Cesare Lombroso.
260 ## - PUBLICACIÓN, DISTRIBUCIÓN, ETC.
Lugar de publicación, distribución, etc. Torino ;
-- Roma ;
-- Firenze :
Nombre del editor, distribuidor, etc. Fratelli Bocca,
Fecha de publicación, distribución, etc. 1878.
300 ## - DESCRIPCIÓN FÍSICA
Extensión 746 p., VII h. de lám. ;
Dimensiones 23 cm.
505 8# - NOTA DE CONTENIDO CON FORMATO
Nota de contenido con formato Contiene: ;
Título La teoria della tutela penale del Prof. F. Poletti
650 #7 - PUNTO DE ACCESO ADICIONAL DE MATERIA--TÉRMINO DE MATERIA
Término de materia o nombre geográfico como elemento de entrada Antropología criminal
Fuente del encabezamiento o término embne
9 (RLIN) 9866
650 #4 - PUNTO DE ACCESO ADICIONAL DE MATERIA--TÉRMINO DE MATERIA
Término de materia o nombre geográfico como elemento de entrada Delincuentes-
Subdivisión general Psicología.
9 (RLIN) 11556
700 1# - ENTRADA AGREGADA--NOMBRE PERSONAL
Nombre de persona Poletti, Francesco,
Fechas asociadas al nombre n. 1821.
Título de la obra Teoria della tutela penale
9 (RLIN) 131241
852 ## - LOCALIZACIÓN
Ubicación ES-MaACL
Número de control de estantería D-184
Nota libre - Enc. hol., conservando cub. original
-- . - Donativo Lastres
Holdings
Estatus retirado Estado de pérdida Estado de daño No para préstamo Colección Biblioteca de origen Biblioteca actual Ubicación en estantería Fecha de adquisición Fuente de adquisición Total de préstamos Signatura topográfica completa Código de barras Visto por última vez Precio de reemplazo Tipo de ítem Koha
        Libros del s. XIX Biblioteca del Ateneo de Madrid Biblioteca del Ateneo de Madrid Sala Valle Inclán 17/01/2008     D-184 901165308 23/02/2023 23/02/2023 Libro impreso antiguo